[Event "EU-ch U18 Girls 26th"]
[Site "Prague"]
[Date "2016.08.24"]
[Round "6"]
[White "Naghiyeva, Khayala Aghasif Q"]
[Black "Kyrkjebo, Hannah Bakken"]
[Result "0-1"]
[WhiteElo "1663"]
[BlackElo "1999"]
[PlyCount "32"]
[EventDate "2016.08.18"]
[EventType "swiss"]
[EventRounds "9"]
[EventCountry "CZE"]
[SourceTitle "CBM 174 Extra"]
[Source "ChessBase"]
[SourceDate "2016.10.10"]
[SourceVersion "1"]
[SourceVersionDate "2016.10.10"]
[SourceQuality "1"]

1. e4 e5 2. Nf3 Nc6 3. Bc4 Bc5 4. c3 Nf6 5. d4 exd4 6. e5 d5 7. Bb5 Ne4 8. cxd4 Bb6 9. b3 0-0 10. Bxc6 bxc6 11. 0-0 c5 12. Ba3 Re8 13. dxc5 Nxc5 14. Nd4 Ba6 15. Re1 Nd3 16. Qg4 Bxd4 0-1

[Event "AZE-ch (Women)"]
[Site "Baku"]
[Date "2016.03.23"]
[Round "9"]
[White "Naghiyeva, Khayala Aghasif Q"]
[Black "Soyunlu, Narmin Asat Qizi"]
[Result "0-1"]
[WhiteElo "1663"]
[BlackElo "1948"]
[PlyCount "59"]
[EventDate "2016.03.15"]
[EventType "swiss"]
[EventRounds "9"]
[EventCountry "AZE"]
[SourceTitle "CBM 171 Extra"]
[Source "ChessBase"]
[SourceDate "2016.04.26"]
[SourceVersion "1"]
[SourceVersionDate "2016.04.26"]
[SourceQuality "1"]

1. d4 Nf6 2. c4 e6 3. Nc3 Bb4 4. e3 b6 5. Nge2 Bb7 6. a3 Be7 7. Ng3 d6 8. e4 h5 9. Bd3 h4 10. Nge2 e5 11. d5 Nh5 12. Be3 Nd7 13. Qd2 g5 14. g3 Nc5 15. Bc2 a5 16. b3 Rg8 17. 0-0-0 h3 18. Rhf1 Bf6 19. Ng1 Bc8 20. Rde1 Bd7 21. a4 Qe7 22. Bd1 g4 23. Bc2 Rh8 24. Kb2 Bg7 25. Nge2 Na6 26. Nb5 Bxb5 27. cxb5 Nb4 28. Bb1 Qf6 29. Rc1 Kd7 30. Nc3 0-1

[Event "AZE-ch (Women)"]
[Site "Baku"]
[Date "2016.03.19"]
[Round "5"]
[White "Beydullayeva, Govhar"]
[Black "Naghiyeva, Khayala Aghasif Q"]
[Result "1-0"]
[WhiteElo "1870"]
[BlackElo "1663"]
[PlyCount "75"]
[EventDate "2016.03.15"]
[EventType "swiss"]
[EventRounds "9"]
[EventCountry "AZE"]
[SourceTitle "CBM 171 Extra"]
[Source "ChessBase"]
[SourceDate "2016.04.26"]
[SourceVersion "1"]
[SourceVersionDate "2016.04.26"]
[SourceQuality "1"]

1. d4 Nf6 2. c4 g6 3. Nc3 d5 4. cxd5 Nxd5 5. Bd2 Bg7 6. e4 Nxc3 7. Bxc3 c5 8. d5 Bxc3+ 9. bxc3 Qa5 10. Qd2 b6 11. Nf3 Ba6 12. Bd3 Nd7 13. 0-0 Bxd3 14. Qxd3 0-0 15. Qe3 f6 16. Nd2 Ne5 17. f4 Nf7 18. a4 Rac8 19. Qd3 c4 20. Qd4 Qc5 21. Nf3 Nd6 22. Qxc5 Rxc5 23. Nd4 Rfc8 24. Nc6 Rc7 25. Rfe1 Nc8 26. Nd4 Ra5 27. g4 Nd6 28. Nc6 Rc5 29. Rad1 Nf7 30. Kf2 Rd7 31. e5 fxe5 32. fxe5 Nh6 33. e6 Rb7 34. Kg3 Kf8 35. Rf1+ Ke8 36. Rd4 Rc7 37. Rff4 Nf5+ 38. gxf5 1-0

[Event "World School-ch U17 Girls 11th"]
[Site "Pattaya"]
[Date "2015.05.14"]
[Round "9"]
[White "Naghiyeva, Khayala Aghasif Q"]
[Black "Jiang, Zhaoyi"]
[Result "0-1"]
[WhiteElo "1561"]
[BlackElo "1861"]
[PlyCount "62"]
[EventDate "2015.05.07"]
[EventType "swiss"]
[EventRounds "9"]
[EventCountry "THA"]
[SourceTitle "CBM 166 Extra"]
[Source "ChessBase"]
[SourceDate "2015.06.18"]
[SourceVersion "1"]
[SourceVersionDate "2015.06.18"]
[SourceQuality "1"]

1. d4 Nf6 2. e3 d5 3. Bd3 e6 4. Nd2 Bd6 5. f4 b6 6. Qf3 Ba6 7. Bxa6 Nxa6 8. c3 c5 9. Nh3 Qd7 10. 0-0 0-0 11. Nf2 Qc7 12. Qe2 Nb8 13. Nd3 Nc6 14. Ne5 Nd7 15. Qg4 Rae8 16. Rf3 f6 17. Rg3 Ndxe5 18. fxe5 fxe5 19. dxc5 bxc5 20. Rh3 e4 21. c4 Qf7 22. Qh4 h6 23. b3 Be5 24. Rb1 Bc3 25. Qe1 Ne5 26. Qf1 Qg6 27. Qe2 Nd3 28. Rg3 Qh7 29. Qh5 Nxc1 30. Nxe4 Ne2+ 31. Qxe2 Qxe4 0-1

[Event "World School-ch U17 Girls 11th"]
[Site "Pattaya"]
[Date "2015.05.08"]
[Round "2"]
[White "Naghiyeva, Khayala Aghasif Q"]
[Black "Mendoza, Shania Mae"]
[Result "0-1"]
[WhiteElo "1561"]
[BlackElo "2000"]
[PlyCount "63"]
[EventDate "2015.05.07"]
[EventType "swiss"]
[EventRounds "9"]
[EventCountry "THA"]
[SourceTitle "CBM 166 Extra"]
[Source "ChessBase"]
[SourceDate "2015.06.18"]
[SourceVersion "1"]
[SourceVersionDate "2015.06.18"]
[SourceQuality "1"]

1. d4 Nf6 2. Nc3 d5 3. Bf4 c6 4. e3 g6 5. Be2 Bg7 6. Nf3 0-0 7. Ne5 Nbd7 8. g4 Ne4 9. h4 Qa5 10. Qd3 Qb4 11. Rb1 Nxc3 12. Qxc3 Qxc3+ 13. bxc3 Nxe5 14. Bxe5 f6 15. Bg3 e5 16. g5 e4 17. gxf6 Bxf6 18. c4 b6 19. cxd5 cxd5 20. c4 Be6 21. Bd6 dxc4 22. Bxf8 Rxf8 23. a4 Be7 24. Rb5 Rc8 25. Re5 Bb4+ 26. Kd1 Bd7 27. Rxe4 Bxa4+ 28. Kc1 c3 29. d5 Ba3+ 30. Kb1 Bb3 31. Bd3 c2+ 32. Bxc2 0-1